[Event "Budapest-chT1 Lilienthal 1718"]
[Site "Budapest"]
[Date "2017.12.10"]
[Round "5"]
[White "Fule, Simon"]
[Black "Szentgyorgyi, Sandor"]
[Result "1-0"]
[WhiteElo "1942"]
[BlackElo "1886"]
[PlyCount "91"]
[EventDate "2017.10.01"]
[EventType "team-tourn"]
[EventRounds "13"]
[EventCountry "HUN"]
[SourceTitle "EXT 2021"]
[Source "ChessBase"]
[SourceDate "2020.10.23"]
[SourceVersion "1"]
[SourceVersionDate "2020.10.23"]
[SourceQuality "1"]
[WhiteTeam "Aquarena III"]
[BlackTeam "Mattolda"]
[WhiteTeamCountry "HUN"]
[BlackTeamCountry "HUN"]

1. e4 c5 2. Nf3 Nc6 3. d4 cxd4 4. Nxd4 g6 5. c4 Nf6 6. Nc3 d6 7. Be2 Nxd4 8. Qxd4 Bg7 9. Be3 0-0 10. Qd2 Be6 11. Rc1 a6 12. b3 Qa5 13. f3 Rac8 14. 0-0 Rfe8 15. Rc2 Nd7 16. Rb1 Qb4 17. Kf2 b5 18. Nd5 Qxd2 19. Rxd2 b4 20. Nxb4 Bc3 21. Nxa6 Rc6 22. Rc2 Rxa6 23. Rxc3 Rxa2 24. b4 Rc8 25. c5 Ne5 26. Kf1 dxc5 27. Bxc5 Nd7 28. Bd4 Rxc3 29. Bxc3 f6 30. Rb2 Ra1+ 31. Kf2 Ra8 32. Bd4 Kf7 33. b5 Rb8 34. b6 Ne5 35. Bxe5 fxe5 36. Ba6 Bc8 37. b7 Bd7 38. Rc2 Kf6 39. Rc8 Bxc8 40. bxc8Q Rxc8 41. Bxc8 h5 42. g3 Kg5 43. h4+ Kf6 44. g4 hxg4 45. fxg4 Kf7 46. g5 1-0

[Event "Budapest-chT1 Lilienthal 1718"]
[Site "Budapest"]
[Date "2017.11.19"]
[Round "4"]
[White "Szamoskozi, Peter"]
[Black "Szentgyorgyi, Sandor"]
[Result "1/2-1/2"]
[WhiteElo "1701"]
[BlackElo "1886"]
[PlyCount "57"]
[EventDate "2017.10.01"]
[EventType "team-tourn"]
[EventRounds "13"]
[EventCountry "HUN"]
[SourceTitle "EXT 2021"]
[Source "ChessBase"]
[SourceDate "2020.10.23"]
[SourceVersion "1"]
[SourceVersionDate "2020.10.23"]
[SourceQuality "1"]
[WhiteTeam "Penzugyor III"]
[BlackTeam "Mattolda"]
[WhiteTeamCountry "HUN"]
[BlackTeamCountry "HUN"]

1. e4 c5 2. Nc3 g6 3. f4 Bg7 4. Nf3 Nc6 5. Bc4 e6 6. 0-0 Nge7 7. d3 a6 8. Nh4 0-0 9. f5 exf5 10. exf5 Bd4+ 11. Kh1 d5 12. f6 dxc4 13. fxe7 Qxe7 14. Nf3 cxd3 15. Nxd4 Nxd4 16. Nd5 Qe2 17. Nf6+ Kg7 18. Qxd3 Bf5 19. Qxe2 Nxe2 20. Nd5 Bxc2 21. Rf2 Nd4 22. Bg5 Bf5 23. Bf6+ Kh6 24. h4 Ne6 25. Rc1 Be4 26. Nb6 Rae8 27. Nd7 Rg8 28. Ne5 Rgf8 29. Nd7 1/2-1/2

[Event "Budapest Karacsonyi op 5th"]
[Site "Budapest"]
[Date "2013.12.29"]
[Round "5"]
[White "Szentgyorgyi, Sandor"]
[Black "Szoukup, Helga"]
[Result "1-0"]
[WhiteElo "1825"]
[BlackElo "1864"]
[PlyCount "69"]
[EventDate "2013.12.27"]
[EventType "swiss"]
[EventRounds "7"]
[EventCountry "HUN"]
[SourceTitle "CBM 158 Extra"]
[Source "ChessBase"]
[SourceDate "2014.02.28"]
[SourceVersion "1"]
[SourceVersionDate "2014.02.28"]
[SourceQuality "1"]

1. e4 c6 2. d4 d5 3. e5 Bf5 4. h4 h6 5. g4 Bg6 6. h5 Bh7 7. e6 fxe6 8. Bd3 Nf6 9. Bxh7 Rxh7 10. Qd3 Rh8 11. f4 Qc7 12. Qg6+ Kd7 13. Nf3 Qc8 14. Ne5+ Kc7 15. Nf7 Rh7 16. g5 hxg5 17. fxg5 Rxh5 18. Rxh5 Nxh5 19. Qxh5 Qe8 20. Bf4+ Kb6 21. g6 a5 22. Nd2 Na6 23. c4 Nb4 24. Kd1 Nd3 25. c5+ Ka7 26. Bc7 Rc8 27. Bb6+ Ka8 28. Kc2 Nb4+ 29. Kc3 Na6 30. Qe2 e5 31. Nxe5 a4 32. Rh1 e6 33. Rh8 Qe7 34. Qf1 Rb8 35. Nxc6 1-0

[Event "Budapest Art Pub Cup 2nd"]
[Site "Budapest"]
[Date "2013.08.11"]
[Round "5"]
[White "Pinter, Tamas"]
[Black "Szentgyorgyi, Sandor"]
[Result "1/2-1/2"]
[WhiteElo "1655"]
[BlackElo "1856"]
[PlyCount "57"]
[EventDate "2013.08.09"]
[EventType "swiss"]
[EventRounds "6"]
[EventCountry "HUN"]
[SourceTitle "CBM 156 Extra"]
[Source "ChessBase"]
[SourceDate "2013.10.22"]
[SourceVersion "1"]
[SourceVersionDate "2013.10.22"]
[SourceQuality "1"]

1. Nf3 c5 2. g3 d5 3. Bg2 Nc6 4. 0-0 g6 5. d4 cxd4 6. Nxd4 Bg7 7. Nxc6 bxc6 8. c4 Bb7 9. Qb3 Rb8 10. Qa4 Nf6 11. Rd1 0-0 12. Bf4 Ra8 13. Qb3 Qc8 14. Be5 e6 15. Nc3 Ba6 16. cxd5 cxd5 17. Rac1 Qc4 18. Qxc4 Bxc4 19. b3 Ba6 20. e4 dxe4 21. Bxf6 Bxf6 22. Nxe4 Bb2 23. Rc2 Rad8 24. Rxd8 Rxd8 25. Rxb2 Rd1+ 26. Bf1 Bxf1 27. Rd2 Re1 28. f3 Bh3+ 29. Kf2 1/2-1/2

[Event "Budapest op 1st"]
[Site "Budapest"]
[Date "2011.08.25"]
[Round "6"]
[White "Szentgyorgyi, Sandor"]
[Black "Kalmar, Karoly"]
[Result "1-0"]
[WhiteElo "1862"]
[BlackElo "2023"]
[PlyCount "101"]
[EventDate "2011.08.20"]
[EventType "swiss"]
[EventRounds "9"]
[EventCountry "HUN"]
[SourceTitle "EXT 2022"]
[Source "ChessBase"]
[SourceDate "2021.10.06"]
[SourceVersion "1"]
[SourceVersionDate "2021.10.06"]
[SourceQuality "1"]

1. e4 c6 2. d4 d5 3. e5 Bf5 4. h4 h6 5. g4 Bd7 6. h5 e6 7. Bd3 c5 8. dxc5 Bxc5 9. Nf3 Nc6 10. c3 a5 11. Nbd2 a4 12. a3 Qc7 13. Qe2 Nge7 14. Kf1 Ba7 15. Bc2 Bb8 16. Nb1 Na5 17. Bf4 Nc4 18. Bd3 Qb6 19. Bxc4 dxc4 20. Be3 Qc7 21. Nbd2 b5 22. Ne4 Qc6 23. Bc5 Nd5 24. Nd4 Qa6 25. Nd6+ Bxd6 26. Bxd6 Bc6 27. Rh2 0-0-0 28. Qd2 Rhe8 29. f4 Ne7 30. Ke2 Be4 31. Qe3 Qb7 32. Kd2 Bd3 33. Re1 Rd7 34. Nc2 Bxc2 35. Kxc2 Qc6 36. Rhe2 Nd5 37. Qf2 Kb7 38. g5 Rh8 39. Rg1 Ne7 40. Bxe7 Rxe7 41. Qh4 Rd7 42. g6 fxg6 43. Rxg6 Qd5 44. Qe1 Qd3+ 45. Kc1 Qf5 46. Qg3 Qxh5 47. Qg2+ Kb8 48. Rxe6 Rhd8 49. Rb6+ Ka7 50. Rd6 Qf5 51. Qf2+ 1-0

[Event "Budapest op 1st"]
[Site "Budapest"]
[Date "2011.08.21"]
[Round "2"]
[White "Szentgyorgyi, Sandor"]
[Black "Bodrogi, Laszlo"]
[Result "0-1"]
[WhiteElo "1862"]
[BlackElo "2035"]
[PlyCount "196"]
[EventDate "2011.08.20"]
[EventType "swiss"]
[EventRounds "9"]
[EventCountry "HUN"]
[SourceTitle "EXT 2022"]
[Source "ChessBase"]
[SourceDate "2021.10.06"]
[SourceVersion "1"]
[SourceVersionDate "2021.10.06"]
[SourceQuality "1"]

1. e4 c5 2. Nf3 Nc6 3. d4 cxd4 4. Nxd4 Nf6 5. Nc3 d6 6. Be2 e5 7. Nb3 Be7 8. 0-0 0-0 9. Kh1 Be6 10. Be3 a5 11. f4 exf4 12. Bxf4 Ne5 13. Qd4 a4 14. Nd2 a3 15. b3 Nc6 16. Qf2 Qa5 17. Nb5 Ng4 18. Qg3 Nge5 19. c4 Ng6 20. Bg5 Bxg5 21. Qxg5 Nd4 22. Bd3 Nxb5 23. cxb5 Qc3 24. Bc4 h6 25. Qg3 Qxg3 26. hxg3 Bg4 27. Bd5 Be2 28. Rf2 Bxb5 29. Bxb7 Ra7 30. Bd5 Ne5 31. Nc4 Bxc4 32. Bxc4 Nxc4 33. bxc4 Re8 34. Re1 Rae7 35. Rf3 Rxe4 36. Rxe4 Rxe4 37. Rxa3 Rxc4 38. Ra8+ Kh7 39. Kg1 g6 40. a4 Kg7 41. a5 Kf6 42. a6 Ra4 43. a7 h5 44. Kf2 Kg5 45. Kf3 f5 46. Ke3 d5 47. Kf3 Ra3+ 48. Ke2 d4 49. Rd8 Rxa7 50. Rxd4 Ra6 51. Kf3 Kf6 52. Rc4 Ra3+ 53. Kf2 Kg5 54. Rb4 Ra6 55. Rc4 Re6 56. Kf3 Re4 57. Rc5 Ra4 58. Rb5 Ra3+ 59. Kf2 h4 60. gxh4+ Kxh4 61. Rb4+ Kg5 62. g3 Kh5 63. Rh4+ Kg5 64. Rb4 Rd3 65. Rc4 Kf6 66. Rc6+ Kf7 67. Rc7+ Ke6 68. Rg7 Kf6 69. Rc7 g5 70. Rc4 Ke5 71. Rb4 Rd4 72. Rb8 Rd3 73. Re8+ Kf6 74. Rf8+ Kg6 75. Kg2 Kh5 76. Rc8 Rd2+ 77. Kf3 Rd3+ 78. Kf2 Kg4 79. Rc4+ Kh3 80. Rc5 Rd2+ 81. Ke3 Rg2 82. Rxf5 g4 83. Rg5 Kxg3 84. Rg8 Ra2 85. Rg7 Ra4 86. Rg8 Kg2 87. Ke2 g3 88. Rg7 Re4+ 89. Kd3 Re8 90. Kd2 Kf2 91. Rf7+ Kg1 92. Rg7 g2 93. Rg6 Re5 94. Rf6 Kh2 95. Rh6+ Kg3 96. Rg6+ Kf3 97. Rf6+ Kg4 98. Rg6+ Rg5 0-1

[Event "Budapest Spring op 25th"]
[Site "Budapest"]
[Date "2009.03.28"]
[Round "9"]
[White "Szentgyorgyi, Sandor"]
[Black "Kiss, Peter2222"]
[Result "1-0"]
[WhiteElo "1773"]
[BlackElo "1532"]
[PlyCount "79"]
[EventDate "2009.03.20"]
[EventType "swiss"]
[EventRounds "9"]
[EventCountry "HUN"]
[SourceTitle "CBM 129 Extra"]
[Source "ChessBase"]
[SourceDate "2009.05.05"]
[SourceVersion "2"]
[SourceVersionDate "2009.05.20"]
[SourceQuality "1"]

1. e4 c5 2. Nf3 Nc6 3. d4 cxd4 4. Nxd4 Qb6 5. Nb3 Nf6 6. Nc3 e6 7. Be3 Qc7 8. a3 Be7 9. Be2 0-0 10. f4 d6 11. 0-0 a6 12. Bf3 b5 13. Qe2 Bb7 14. Rad1 Rac8 15. Qf2 Qb8 16. Qg3 Ba8 17. f5 Kh8 18. fxe6 fxe6 19. Bf4 Rfd8 20. Kh1 b4 21. axb4 Nxb4 22. Nd4 e5 23. Ne6 Rg8 24. Bc1 Nxc2 25. Ng5 g6 26. Qh3 Rg7 27. Qe6 Nd4 28. Nf7+ Kg8 29. Nh6+ Kf8 30. Qa2 Bb7 31. Bg4 Rc5 32. Bg5 Qd8 33. Bh3 Ke8 34. Qa4+ Bc6 35. Qa2 Bd7 36. Bxd7+ Kxd7 37. Nf7 Qf8 38. Nh6 Qd8 39. Qxa6 Kc7 40. Bxf6 1-0

[Event "Budapest FS07 FM-C"]
[Site "Budapest"]
[Date "2008.07.11"]
[Round "2.2"]
[White "Szentgyorgyi, Sandor"]
[Black "Vaarala, Eric"]
[Result "0-1"]
[WhiteElo "1786"]
[BlackElo "1765"]
[PlyCount "48"]
[EventDate "2008.07.05"]
[EventType "tourn"]
[EventRounds "10"]
[EventCountry "HUN"]
[SourceTitle "EXT 2011"]
[Source "ChessBase"]
[SourceDate "2010.11.26"]
[SourceVersion "1"]
[SourceVersionDate "2010.11.26"]
[SourceQuality "1"]

1. h4 e5 2. d4 exd4 3. Nf3 Nc6 4. c3 dxc3 5. Nxc3 Nf6 6. a3 d5 7. e4 dxe4 8. Qxd8+ Nxd8 9. Nb5 Ne6 10. Ng5 Bd6 11. Nxd6+ cxd6 12. Bb5+ Ke7 13. Nxe6 Bxe6 14. Bf4 a6 15. Be2 Rac8 16. Rd1 Rhd8 17. 0-0 Rc2 18. Rd2 Rxd2 19. Bxd2 Rc8 20. Bc3 Nd5 21. Bxg7 Nf4 22. Re1 Rg8 23. Bh6 Nxg2 24. Bg5+ Rxg5 0-1